Juegos e innovación educativa : experiencias aplicada en educación superior /

Detalles Bibliográficos
Autor principal: Varón Rojas, Diego Hernán (Autor)
Formato: Electrónico eBook
Lenguaje:español
Publicado: Santiago de Cali : Pontificia Universidad Javeriana Cali, 2024.
Materias:
Acceso en línea:Digitalia Hispánica

MARC

LEADER 00000nam a2200000Ii 4500
001 DIGEPUJ0504
003 NyNyDIG
006 m o d
007 cr |||||||||||
008 260205s2024 ck a ob 000 0 spa d
035 |a (OCoLC)1573182220 
040 |a DGITA  |b eng  |e rda  |e pn  |c DGITA 
020 |a 9786287709447  |q pdf 
020 |a 9786287709430  |q epub 
020 |z 9786287709423  |q impreso 
050 1 4 |a LB1029.G3 ebook 
245 0 0 |a Juegos e innovación educativa :  |b experiencias aplicada en educación superior /  |c autores, Diego Hernán Varón Rojas [and 7 others]. 
264 1 |a Santiago de Cali :  |b Pontificia Universidad Javeriana Cali,  |c 2024. 
300 |a 1 online resource :  |b illustrations. 
336 |a text  |b txt  |2 rdacontent 
337 |a computer  |b c  |2 rdamedia 
338 |a online resource  |b cr  |2 rdacarrier 
347 |a text file  |2 rdaft 
347 |b PDF 
504 |a Includes bibliographical references. 
588 0 |a Online resource; title from PDF title page (Digitalia, viewed February 5, 2026) 
650 0 |a Educational games. 
650 0 |a Gamification. 
650 0 |a Video games in education. 
650 0 |a Education, Higher  |x Effect of technological innovations on. 
700 1 |a Varón Rojas, Diego Hernán,  |e author. 
791 2 |a Digitalia (Firm),  |e distributor. 
793 0 |g Digitalia eBook Collection:  |a Pontificia Universidad Javeriana 
776 0 8 |i Print version:  |t Juegos e innovación educativa.  |d Santiago de Cali : Pontificia Universidad Javeriana Cali, 2024  |z 9786287709423 
856 4 0 |3 Digitalia Hispánica  |u https://www.digitaliapublishing.com/a/182571/ 
910 |a Premium collection: 2026